000 00644nam a2200205Ii 4500
003 JO-AjNU
008 230605s9999||||xx |||||||||||||| ||und||
017 _a2003/3/432
040 _aJO-AjNU
_bara
_erda
_cJO-AjNU
041 _aara
050 1 4 _aPJ7577 2003
100 3 _aفحماوي ،صبحي,
_eauthor
_949256
245 0 0 _aصبايا في العشرينات: قصص ومسرحيات قصيرة
264 3 1 _aعمان:المؤلف،2003
300 _a200ص
336 _atext
_btxt
_2rdacontent
337 _aunmediated
_bn
_2rdamedia
338 _avolume
_bnc
_2rdacarrier
650 4 _aالقصص العربية-مسرحيات
_949257
999 _aA21623
_c25191
_d25191